| 000 | 01076cam a22003011 4500 | ||
|---|---|---|---|
| 001 | 9980 | ||
| 003 | BD-RjUL | ||
| 005 | 20211208234856.0 | ||
| 008 | 140122s1952 nyua 000 0 eng | ||
| 035 | _a(BD-RjUL)10027 | ||
| 035 | _a(OCoLC)511069 | ||
| 040 |
_aDLC _cODaWU _dBD-RjUL _beng |
||
| 041 | _aeng | ||
| 082 | 0 | 0 |
_a382 _bUNI 1952 |
| 110 | 2 |
_aUnited Nations. _bDepartment of Economic Affairs. _99463 |
|
| 245 | 1 | 0 |
_aInstability in export markets of under-developed countries in relation to their ability to obtain foreign exchange from exports of primary commodities, 1901 to 1950 / _cUnited Nations. |
| 260 |
_aNew York : _c1952. _bUnited Nations, |
||
| 300 |
_avii, 94 p. : _billus. ; _c28 cm. |
||
| 410 | 2 | 0 |
_aUnited Nations. _tDocument _vE/2047/rev.1/ST/ECA/15 |
| 500 | _a"United Nations publication. Sales no.:1952.II.A.1." | ||
| 650 | 0 |
_aCommerce. _930827 |
|
| 650 | 0 |
_aBusiness cycles. _930828 |
|
| 650 | 0 |
_aPrices. _930829 |
|
| 651 | 0 |
_aDeveloping countries. _930830 |
|
| 942 |
_2ddc _cBK |
||
| 999 |
_c9980 _d9980 |
||